|
|
|
|
| LEADER |
01681cam a2200313 i 4500 |
| 001 |
357663 |
| 003 |
GR-PaULI |
| 005 |
20210117210927.0 |
| 008 |
770121s1977 nyua b 101 0 eng |
| 952 |
|
|
|0 0
|1 0
|2 ddc
|4 0
|6 Π_Σ_153_733000000000000_VIG
|7 0
|9 233439
|a LISP
|b LISP
|c REF
|d 2019-07-01
|i 07765
|l 0
|o Π/Σ 153.733 VIG
|p 025000113713
|r 2019-07-01 00:00:00
|t 1
|v 2019.00
|w 2019-07-01
|y BKN
|
| 999 |
|
|
|c 141657
|d 141657
|
| 010 |
|
|
|a 77000748
|
| 020 |
|
|
|a 0306328836
|
| 040 |
|
|
|a DLC
|c GR-PaULI
|d
|b gre
|e AACR2
|
| 082 |
0 |
4 |
|a 153.733
|2 23
|
| 245 |
0 |
0 |
|a Vigilance :
|b theory, operational performance, and physiological correlates : [proceedings] /
|c edited by Robert R. Mackie.
|
| 260 |
|
|
|a New York :
|b Published in coordination with NATO Scientific Affairs Division by Plenum Press,
|c c1977.
|
| 300 |
|
|
|a x, 862 σ. :
|b εικ. ;
|c 26 εκ.
|
| 490 |
1 |
|
|a NATO conference series. III. Human factors
|v 3.
|
| 500 |
|
|
|a "Proceedings of a symposium on vigilance II: relationships among theory, physiological correlates, and operational performance, held in St. Vincent, Italy, August 3-6, 1976, sponsored by the NATO Special Program Panel on Human Factors and the Physiology Programs, U.S. Office of Naval Research."
|
| 500 |
|
|
|a
|
| 504 |
|
|
|a Περιλαμβάνει βιβλιογραφικές παραπομπές και ευρετήριο.
|
| 650 |
|
4 |
|a Προσοχή
|9 150278
|
| 700 |
1 |
|
|a Mackie, Robert R.
|9 176747
|
| 710 |
2 |
|
|a NATO Special Program Panel on Human Factors.
|
| 710 |
1 |
|
|a United States.
|b Office of Naval Research.
|b Physiology Programs Office.
|
| 830 |
|
0 |
|9 176746
|a NATO conference series.
|p Human factors
|v 3.
|
| 942 |
|
|
|2 ddc
|c BKN
|
| 998 |
|
|
|c ΜΠΟΥΡΑΣ
|d 2019-07
|